Spanish vocab week 5 - Statistics

General Stats
  • This quiz has been taken 15 times
  • The average score is 17 of 70
Answer Stats
Hint Answer % Correct
to access acceder
60%
to use usar
60%
to download bajar
40%
to block bloquear
40%
to buy comprar
40%
to cut cortar
40%
to download descargar
40%
access el acceso
40%
email el correo electrónico
40%
home el hogar
40%
computer el ordenador
40%
profile el perfil
40%
mouse el ratón
40%
website el sitio web
40%
online en línea
40%
specific específico
40%
to spy espiar
40%
interactive interactivo
40%
to interact interactuar
40%
app la aplicación
40%
web page la página web
40%
network la red
40%
social network la red social
40%
task la tarea
40%
to waste malgastar
40%
to modify modificar
40%
to spend time pasar
40%
to register registrarse
40%
to upload subir
40%
to tweet tuitear
40%
to save ahorrar
20%
to chat chatear
20%
inexpensive económico
20%
efficient eficaz
20%
file el archivo
20%
junk mail el correo basura
20%
filter el filtro
20%
smartphone el móvil inteligente
20%
laptop el portátil
20%
to be in contact with estar en contacto con
20%
broadband la banda ancha
20%
search la búsqueda
20%
connection la conexión
20%
fibre optic la fibra óptica
20%
fee/subscription la suscripción
20%
key la tecla
20%
to flirt ligar
20%
to send mandar
20%
to get obsessed obsesionarse
20%
to paste pegar
20%
fast veloz
20%
to attach adjuntar
0%
attached adjunto
0%
to store almacenar
0%
via/through a través de
0%
to load cargar
0%
to communicate comunicarse
0%
account cuenta
0%
to register dar de alta
0%
to take a look echar un vistazo
0%
bombardment el bombardeo
0%
device el dispositivo
0%
status el estado
0%
browser el navegador
0%
dazed/distracted embobado
0%
hooked/addicted enganchado
0%
to tag etiquetar
0%
to promote fomentar
0%
increase la subida
0%
to type teclear
0%
No matching quizzes found
Score Distribution
Percent of People with Each Score
Percentile by Number Answered
Your Score History
You have not taken this quiz